00847cam a22002653a 45000010008000000030009000080050017000170070008000340080031000420100006000730200018000790400025000970820028001221000029001502450064001792600078002433000027003214900023003485000066003715000055004375210027004926500026005196500013005458300023005580000746DO-SdBNP20230222103806.00000746861112 2006 mx a 000 0 spa d a  a9789870405290 aBPMSUcspadBPMSUd  4aA863.44bB619s 20062221 aBirmajer, Marcelod1966-10aFábulas salvajes /cMarcelo Birmajer ; ilustraciones Pez  aBuenos Aires :bAlfaguara,bSantillana ediciones generales,c2006.f2010. a67 p. :bil. ;c20 cm.0 aAlfaguara juvenil  aIncluye datos biográficos de la autora en la contracubierta aLiteratura para niños a partir de los 12 años. aA partir de 12 años. 4aLiteratura argentina  4aFabulas  0aAlfaguara juvenil